000 00423nmm a2200157Ia 4500
008 251105s9999||||xx |||||||||||||||||und||
041 _aspa
100 _aGates, Olivia
245 0 _aLa venganza del príncipe
264 _a[Madrid, España] :
_bHarlequin,
_c2011
300 _a160 páginas
490 _a'Corona de amor'
650 _aRomance
856 _uhttps://public.digitaliapublishing.com/a/49986
942 _cCF
999 _c98929
_d98929